000 00398nam a22001697a 4500
005 20180612165737.0
008 160623b xxu||||| |||| 00| 0 eng d
020 _a978-0-07-050155-5
041 _aeng
082 _b9042
_a657
100 _aMukherjee A and Harit, M
_92463
245 _aFinancial Accounting
260 _bTMH
_c2008
300 _a40.28
650 _aManagement
_9241
942 _cBK
999 _c3595
_d3594